Russian Federation : Staff Report for the 2011 Article IV Consultation.

The reports highlights that, even though the Russian economy has started reviving from the crisis, growth has been moderate and inflation high. Executive Directors have advised that the focus should be on reducing fiscal vulnerabilities, lowering inflation, promoting a stronger and more competitive...

Descrición completa

Detalles Bibliográficos
Autor Corporativo: International Monetary Fund
Formato: Revista
Idioma:English
Publicado: Washington, D.C. : International Monetary Fund, 2011.
Series:IMF Staff Country Reports; Country Report ; No. 2011/294
Subjects:
Acceso en liña:Full text available on IMF
LEADER 01758cas a2200265 a 4500
001 AALejournalIMF022801
008 230101c9999 xx r poo 0 0eng d
020 |c 20.00 USD 
020 |z 9781463904852 
022 |a 1934-7685 
040 |a BD-DhAAL  |c BD-DhAAL 
110 2 |a International Monetary Fund. 
245 1 0 |a Russian Federation :   |b Staff Report for the 2011 Article IV Consultation. 
264 1 |a Washington, D.C. :  |b International Monetary Fund,  |c 2011. 
300 |a 1 online resource (69 pages) 
490 1 |a IMF Staff Country Reports 
500 |a <strong>Off-Campus Access:</strong> No User ID or Password Required 
500 |a <strong>On-Campus Access:</strong> No User ID or Password Required 
506 |a Electronic access restricted to authorized BRAC University faculty, staff and students 
520 3 |a The reports highlights that, even though the Russian economy has started reviving from the crisis, growth has been moderate and inflation high. Executive Directors have advised that the focus should be on reducing fiscal vulnerabilities, lowering inflation, promoting a stronger and more competitive banking system, and creating a favorable environment for investment and economic diversification. Directors encouraged the authorities to undertake growth-friendly, credible, and ambitious fiscal consolidation. They have supported the Financial Sector Assessment Program (FSAP) recommendations to strengthen financial sector policies. 
538 |a Mode of access: Internet 
650 7 |a Energy  |2 imf 
650 7 |a Prices  |2 imf 
830 0 |a IMF Staff Country Reports; Country Report ;  |v No. 2011/294 
856 4 0 |z Full text available on IMF  |u https://elibrary.imf.org/openurl?genre=journal&issn=1934-7685&volume=2011&issue=294  |z IMF e-Library